[Event "Campeonato de Aragon por Equipos 2024 - "]
[Site "?"]
[Date "2024.04.06"]
[Round "10.14"]
[White "Abos Rosico, Antonio"]
[Black "Barranco Mananet, Fernando"]
[Result "1-0"]
[WhiteElo "2071"]
[BlackElo "2013"]
[PlyCount "61"]
[GameId "2166508144300736"]
[EventDate "2024.01.27"]
[WhiteTeam "Actur Rey Fernando"]
[BlackTeam "Monzon"]

1. e4 d6 2. d4 Nf6 3. Nc3 e5 4. Nf3 Nbd7 5. Rg1 g6 6. g4 exd4 7. Nxd4 Bg7 8. Be3 O-O 9. g5 Ne8 10. h4 Nb6 11. f4 c5 12. Nf3 Qe7 13. Kf2 f5 14. h5 fxe4 15. Nh4 Bf5 16. Nd5 Nxd5 17. Qxd5+ Be6 18. Qxe4 d5 19. Qf3 d4 20. Bd2 Bf5 21. Bc4+ Kh8 22. hxg6 Nd6 23. Qh5 Ne4+ 24. Kg2 Nxg5 25. Rae1 Qf6 26. fxg5 Qc6+ 27. Kh2 Qd6+ 28. Rg3 h6 29. gxh6 Bxg6 30. hxg7+ Kxg7 31. Qh6+ 1-0

[Event "Campeonato de Aragon por Equipos 2024 - "]
[Site "?"]
[Date "2024.04.06"]
[Round "10.15"]
[White "Citoler Serrat, Adriano"]
[Black "Garcia Alvarez, Sergio"]
[Result "1/2-1/2"]
[WhiteElo "1928"]
[BlackElo "1796"]
[PlyCount "43"]
[GameId "2166508144337601"]
[EventDate "2024.01.27"]
[WhiteTeam "Monzon"]
[BlackTeam "Actur Rey Fernando"]

1. d4 d5 2. c4 e6 3. Nc3 c5 4. cxd5 exd5 5. Nf3 Nc6 6. g3 Nf6 7. Bg2 Be7 8. O-O O-O 9. dxc5 Bxc5 10. Bg5 d4 11. Bxf6 Qxf6 12. Ne4 Qe7 13. Nxc5 Qxc5 14. Rc1 Qb6 15. Qc2 h6 16. Nd2 Be6 17. Nc4 Bxc4 18. Qxc4 Rac8 19. Qb3 Qxb3 20. axb3 Rfe8 21. Rc2 Re5 22. Rd1 1/2-1/2

[Event "Campeonato de Aragon por Equipos 2024 - "]
[Site "?"]
[Date "2024.04.06"]
[Round "10.16"]
[White "Perez Puyal, Jose Joaquin"]
[Black "Rodriguez Aranda, Kevin"]
[Result "0-1"]
[WhiteElo "1731"]
[BlackElo "1792"]
[PlyCount "98"]
[GameId "2166508144378562"]
[EventDate "2024.01.27"]
[WhiteTeam "Actur Rey Fernando"]
[BlackTeam "Monzon"]

1. d4 d5 2. Nf3 Nf6 3. e3 c6 4. c4 Bf5 5. Nc3 e6 6. cxd5 exd5 7. Bd3 Bxd3 8. Qxd3 Nbd7 9. O-O Bb4 10. a3 Ba5 11. b4 Bc7 12. e4 dxe4 13. Nxe4 O-O 14. Bg5 Kh8 15. Rfd1 Re8 16. Nxf6 Nxf6 17. Bh4 h6 18. b5 cxb5 19. Qxb5 Qd5 20. Rab1 g5 21. Bg3 Bxg3 22. hxg3 b6 23. Ne5 Kg7 24. Qa6 Rad8 25. Qa4 Ne4 26. Rbc1 Re6 27. Ng4 Re7 (27... Rd7) 28. Ne3 Qd7 29. Qb4 Kg6 30. g4 Qd6 31. Nf5 Qxb4 32. axb4 Red7 (32... Nd6) 33. Rc6+ (33. f3) 33... f6 34. Rdc1 Nd6 35. Ne3 Nb5 36. d5 Nd4 37. Kf1 Nxc6 38. dxc6 Rd2 39. Ke1 R2d4 40. c7 Rc8 41. Nf5 Rd7 42. Rc6 Rcxc7 43. b5 h5 44. f3 hxg4 45. fxg4 Rxc6 46. bxc6 Rc7 47. Nd4 Kf7 48. Kd2 Ke7 49. Kc3 Kd6 0-1

[Event "Campeonato de Aragon por Equipos 2024 - "]
[Site "?"]
[Date "2024.04.06"]
[Round "10.17"]
[White "Vela Frago, Alberto"]
[Black "Aribau Rivas, Miguel Angel"]
[Result "1-0"]
[WhiteElo "2310"]
[BlackElo "2029"]
[PlyCount "71"]
[GameId "2166508144415427"]
[EventDate "2024.01.27"]
[WhiteTeam "MyInvestor Casablanca B"]
[BlackTeam "Fraga"]

1. Nf3 d5 2. c4 e6 3. g3 Nf6 4. Bg2 Be7 5. O-O O-O 6. d4 dxc4 7. Na3 c5 8. dxc5 Qxd1 9. Rxd1 Bxc5 10. Nxc4 Nc6 11. Nfe5 Nxe5 12. Nxe5 Be7 13. Be3 Nd5 14. Bxd5 exd5 15. Rxd5 Be6 16. Rd2 f6 17. Nf3 Rfc8 18. Nd4 Bd7 19. Rad1 a5 20. f3 Kf7 21. Bf2 a4 22. e4 Ke8 23. Kg2 Kf7 24. h4 h5 25. Re2 Ra5 26. Be1 Rac5 27. Bb4 Rc1 28. Rxc1 Rxc1 29. Bxe7 Kxe7 30. Rd2 g6 31. a3 Rb1 32. Ne2 Bc6 33. Kf2 Kf7 34. Ke3 Re1 35. Rc2 g5 36. Rc1 1-0

[Event "Campeonato de Aragon por Equipos 2024 - "]
[Site "?"]
[Date "2024.04.06"]
[Round "10.18"]
[White "Casas Chine, German"]
[Black "Lorente Melcon, Maximo"]
[Result "1/2-1/2"]
[WhiteElo "1818"]
[BlackElo "2137"]
[PlyCount "94"]
[GameId "2166508144468676"]
[EventDate "2024.01.27"]
[WhiteTeam "Fraga"]
[BlackTeam "MyInvestor Casablanca B"]

1. e4 c5 2. Nf3 e6 3. d4 cxd4 4. Nxd4 a6 5. Nc3 b5 6. a3 Bb7 7. g3 Nf6 8. Bg2 Qc7 9. O-O d6 10. Re1 Nbd7 11. f4 Nb6 12. h3 Be7 13. Kh2 h5 14. Nb3 Rd8 15. Na5 Ba8 16. Qe2 e5 17. Be3 Nbd7 18. Nb3 h4 19. g4 Nc5 20. Nxc5 dxc5 21. f5 Bb7 22. Bg5 Rd4 23. Kh1 Nh5 24. gxh5 Bxg5 25. Rad1 f6 26. Nd5 Bxd5 27. exd5 Ke7 28. a4 Qd7 29. c3 Rxd1 30. Rxd1 Kd6 31. axb5 axb5 32. Ra1 Qb7 33. b4 cxb4 34. c4 Rc8 35. cxb5 Ra8 36. Rxa8 Qxa8 37. Qc4 b3 38. b6 Qb7 39. Qxb3 Qc8 40. Qb4+ Kd7 41. Qb5+ Kd8 42. b7 Qb8 43. Qb6+ Kd7 44. d6 e4 45. Bxe4 Bf4 46. Qc6+ Kd8 47. d7 Qc7 1/2-1/2

[Event "Campeonato de Aragon por Equipos 2024 - "]
[Site "?"]
[Date "2024.04.06"]
[Round "10.19"]
[White "Ruiz Fernandez, Daniel"]
[Black "Agustin De Dios, Adrian"]
[Result "1-0"]
[WhiteElo "2031"]
[BlackElo "1752"]
[PlyCount "71"]
[GameId "2166508144509637"]
[EventDate "2024.01.27"]
[WhiteTeam "MyInvestor Casablanca B"]
[BlackTeam "Fraga"]

1. e4 c5 2. Nf3 e6 3. g3 Qc7 4. Bg2 Nc6 5. O-O Nf6 6. Re1 d6 7. c3 e5 8. h3 Be7 9. d4 h6 10. d5 Nd8 11. c4 a6 12. Nc3 Nh7 13. Be3 O-O 14. Nd2 Bg5 15. f4 exf4 16. gxf4 Bh4 17. Rf1 Bf6 18. Nf3 Qe7 19. Qd3 Re8 20. Rae1 Nf8 21. e5 dxe5 22. fxe5 Bg5 23. Bxg5 hxg5 24. d6 Qd7 25. Nd5 Nde6 26. Nb6 Nf4 27. Qd2 Nxh3+ 28. Bxh3 Qxh3 29. Nxa8 g4 30. Ng5 Qh4 31. Nc7 Rxe5 32. Rxe5 Qg3+ 33. Qg2 Qxe5 34. Nxf7 Qe3+ 35. Qf2 Qh3 36. Ng5 1-0

[Event "Campeonato de Aragon por Equipos 2024 - "]
[Site "?"]
[Date "2024.04.06"]
[Round "10.20"]
[White "Pallares Jover, Adrian"]
[Black "Jaime Galeano, Alcher"]
[Result "0-1"]
[WhiteElo "1648"]
[BlackElo "1787"]
[PlyCount "64"]
[GameId "2166508144542406"]
[EventDate "2024.01.27"]
[WhiteTeam "Fraga"]
[BlackTeam "MyInvestor Casablanca B"]

1. e4 c6 2. Nc3 d5 3. Nf3 Bg4 4. h3 Bh5 5. exd5 cxd5 6. g4 Bg6 7. Ne5 a6 8. Qf3 e6 9. d4 Nc6 10. Nxg6 hxg6 11. Ne2 Nf6 12. c3 Qa5 13. Bg2 Be7 14. Qe3 Rc8 15. Nf4 O-O 16. Bf3 Bd6 17. Nd3 e5 18. dxe5 d4 19. Qe2 dxc3 20. b4 Bxb4 21. exf6 Nd4 22. Qf1 c2+ 23. Nxb4 Qxb4+ 24. Bd2 c1=Q+ 25. Rxc1 Rxc1+ 26. Bd1 Re8+ 27. Qe2 Rxe2+ 28. Kf1 Rxd1+ 29. Kg2 Qxd2 30. fxg7 Rxf2+ 31. Kg3 Qf4+ 32. Kh4 Nf3# 0-1

[Event "Campeonato de Aragon por Equipos 2024 - "]
[Site "?"]
[Date "2024.04.06"]
[Round "10.21"]
[White "Lana Rodriguez, David"]
[Black "Laliena Solanes, Luis"]
[Result "1/2-1/2"]
[WhiteElo "2382"]
[BlackElo "2159"]
[PlyCount "24"]
[GameId "2166508144583367"]
[EventDate "2024.01.27"]
[WhiteTeam "Teruel"]
[BlackTeam "ONCE C. A. Aragon"]

1. d4 Nf6 2. Nf3 g6 3. Bg5 Bg7 4. g3 d6 5. Nc3 Bf5 6. Bg2 Ne4 7. h4 Nxc3 8. bxc3 c5 9. O-O Nd7 10. h5 h6 11. Bd2 g5 12. Re1 Nf6 1/2-1/2

[Event "Campeonato de Aragon por Equipos 2024 - "]
[Site "?"]
[Date "2024.04.06"]
[Round "10.22"]
[White "Gavin Roche, Enrique"]
[Black "Dominguez Bujeda, Jesus"]
[Result "1/2-1/2"]
[WhiteElo "2164"]
[BlackElo "2062"]
[PlyCount "22"]
[GameId "2166508144710344"]
[EventDate "2024.01.27"]
[WhiteTeam "ONCE C. A. Aragon"]
[BlackTeam "Teruel"]

1. d4 d5 2. c4 e6 3. Nc3 Nf6 4. Bg5 Be7 5. e3 h6 6. Bh4 O-O 7. Nf3 b6 8. a3 Bb7 9. Rc1 Nbd7 10. Bd3 dxc4 11. Bxc4 Ne4 1/2-1/2

[Event "Campeonato de Aragon por Equipos 2024 - "]
[Site "?"]
[Date "2024.04.06"]
[Round "10.23"]
[White "Navarro Remon, Mario"]
[Black "Soriano Gracia, Manuel"]
[Result "1/2-1/2"]
[WhiteElo "1864"]
[BlackElo "1941"]
[PlyCount "45"]
[GameId "2166508144751305"]
[EventDate "2024.01.27"]
[WhiteTeam "Teruel"]
[BlackTeam "ONCE C. A. Aragon"]

1. d4 c6 2. c4 Nf6 3. Nc3 d5 4. cxd5 Nxd5 5. Nxd5 cxd5 6. Nf3 Nc6 7. g3 Bf5 8. Bg2 Qd7 9. O-O Bh3 10. Re1 Bxg2 11. Kxg2 g6 12. Bf4 Bg7 13. Qd2 O-O 14. Bh6 Rfc8 15. Bxg7 Kxg7 16. Rec1 Rc7 17. Rc3 Rac8 18. Rac1 Nd8 19. Rxc7 Rxc7 20. Rxc7 Qxc7 21. Ne5 Nc6 22. Nxc6 Qxc6 23. e3 1/2-1/2

[Event "Campeonato de Aragon por Equipos 2024 - "]
[Site "?"]
[Date "2024.04.06"]
[Round "10.24"]
[White "Sanz Lopez, Ruben"]
[Black "Arpa Pardos, Emilio"]
[Result "1/2-1/2"]
[WhiteElo "1789"]
[BlackElo "1799"]
[PlyCount "43"]
[GameId "2166508144788170"]
[EventDate "2024.01.27"]
[WhiteTeam "ONCE C. A. Aragon"]
[BlackTeam "Teruel"]

1. d4 d6 2. Nf3 Nf6 3. Nc3 Nc6 4. e4 e5 5. dxe5 Nxe5 6. Nxe5 dxe5 7. Qxd8+ Kxd8 8. Bc4 Be6 9. Bxe6 fxe6 10. O-O c6 11. Be3 Kc7 12. f3 Bb4 13. Rfd1 Rhd8 14. Kf2 Ba5 15. Rxd8 Rxd8 16. Rd1 Rxd1 17. Nxd1 Bb6 18. g3 h6 19. Bxb6+ Kxb6 20. Ne3 Kc5 21. Ke2 b5 22. c3 1/2-1/2

[Event "Campeonato de Aragón de Ajedrez por Equ"]
[Site "ZARAGOZA (Agrupacion Artístic"]
[Date "2024.04.06"]
[Round "1.29"]
[White "Carraminana Lopez, Luis Antonio"]
[Black "Bonet Herbera, Isabel"]
[Result "1/2-1/2"]
[WhiteElo "1929"]
[BlackElo "1912"]
[PlyCount "68"]
[GameId "2166508144980687"]
[EventDate "2023.04.01"]
[WhiteTeam "Helios B"]
[BlackTeam "Binefar"]

1. e4 e5 2. Nf3 Nc6 3. Bc4 Bc5 4. c3 Nf6 5. d3 a5 6. a4 d6 7. h3 h6 8. Nbd2 Bb6 9. Bb3 Be6 10. Nc4 Ba7 11. Bc2 Nxe4 12. Ne3 Nf6 13. O-O O-O 14. d4 exd4 15. cxd4 d5 16. Ng4 Nxg4 17. hxg4 Bxg4 18. Qd3 f5 19. Bb3 Nb4 20. Qc3 Bxf3 21. Qxf3 c6 22. Rd1 Qf6 23. Be3 f4 24. Bd2 Bxd4 25. Bxb4 axb4 26. Bxd5+ Kh8 27. Bb3 Bxb2 28. Rab1 Rad8 29. Bc2 Bc3 30. Rxd8 Rxd8 31. Rd1 Rxd1+ 32. Qxd1 Bd4 33. Qe1 Bc5 34. Qe8+ Bf8 1/2-1/2

[Event "Campeonato de Aragón de Ajedrez por Equ"]
[Site "ZARAGOZA (Agrupacion Artístic"]
[Date "2024.04.06"]
[Round "1.30"]
[White "Ballarin Corvinos, Jorge"]
[Black "Lorente Melcon, Nicolas"]
[Result "1/2-1/2"]
[WhiteElo "1863"]
[BlackElo "1943"]
[PlyCount "75"]
[GameId "2166508145021648"]
[EventDate "2023.04.01"]
[WhiteTeam "Binefar"]
[BlackTeam "Helios B"]

1. e4 c5 2. Nf3 e6 3. d4 cxd4 4. Nxd4 Nf6 5. Nc3 Nc6 6. Bg5 Be7 7. Nxc6 bxc6 8. e5 Nd5 9. Bxe7 Qxe7 10. Qd4 O-O 11. Bd3 f5 12. Na4 a5 13. O-O Rb8 14. a3 Bb7 15. Nc5 Rfd8 16. Nb3 d6 17. Nxa5 c5 18. exd6 Qxd6 19. Qh4 Ba8 20. Nc4 Qf4 21. Qg3 Qh6 22. f4 Qf6 23. b3 Kh8 24. Rae1 h6 25. Ne5 Rb7 26. Qg6 Qxg6 27. Nxg6+ Kh7 28. Rxe6 Nc7 29. Bxf5 Nxe6 30. Nf8+ Kg8 31. Nxe6 Rd2 32. Be4 Re7 33. Bxa8 Rxe6 34. Bf3 Re3 35. b4 Rxa3 36. bxc5 Rxc2 37. c6 Rxf3 38. Rxf3 1/2-1/2

[Event "Campeonato de Aragón de Ajedrez por Equ"]
[Site "ZARAGOZA (Agrupacion Artístic"]
[Date "2024.04.06"]
[Round "1.31"]
[White "Lorente Melcon, Hector"]
[Black "Arino Castan, Federico"]
[Result "1-0"]
[WhiteElo "1908"]
[BlackElo "1808"]
[PlyCount "60"]
[GameId "2166508145148625"]
[EventDate "2023.04.01"]
[WhiteTeam "Helios B"]
[BlackTeam "Binefar"]

1. e4 e6 2. d3 d5 3. Nd2 dxe4 4. dxe4 Nc6 5. Ngf3 Bc5 6. Bc4 Nge7 7. O-O O-O 8. c3 a6 9. b4 Ba7 10. a4 Ng6 11. Ba3 Re8 12. Qc2 Qf6 13. b5 Nce5 14. Nxe5 Nxe5 15. Be2 axb5 16. axb5 Bd7 17. Bb2 Qf4 18. g3 Qg5 19. Rxa7 Rxa7 20. f4 Qe7 21. fxe5 Qc5+ 22. Kh1 Bxb5 23. c4 Rd8 24. Nb3 Ba4 25. Rf3 Qb4 26. Kg2 Rd2 27. Qxd2 Qe7 28. Qd4 Ra8 29. Rd3 h6 30. Qc5 Qg5 1-0